Motivácia žiakov učiť sa teória a prax

Bibliographic Details
Main Author: Veselský, Milan (Author)
Format: Book
Language:Slovak
PhysicalDescription:115 s. grafy, sch., tab. 24 cm
Published: Bratislava Univerzita Komenského 2010
ISBN:9788022328203
Edition:1. vyd.
Subjects:

MARC

LEADER 00000nam a2200000 a 4500
001 vtls010208998
003 SK-MaSNL
005 20260301222545.0
008 240315s2010 xo d 000 0 slo
015 |a SNBA2011/08-04555 
020 |a 9788022328203  |q (brož.) 
035 |a BB3AC0B4-0DF8-4D72-AE5A-02DDBA894668 
035 |a urn:nbn:sk:snk-aml014 
035 |a urn:nbn:sk:snk-am008o98 
040 |a SNK  |b slo  |c SNK  |e AACR2 
041 0 |a slo 
044 |a xo  |c SK 
072 7 |a 37  |x Výchova a vzdelávanie  |2 konspekt 
080 |a 37.015.3  |2 2001 
080 |a 37.0  |2 2001 
080 |a 159.947.5  |2 2001 
080 |a (075.8)  |2 2001 
100 1 |a Veselský, Milan  |4 aut  |9 7667 
245 1 0 |a Motivácia žiakov učiť sa  |b teória a prax  |c Milan Veselský 
250 |a 1. vyd. 
260 |a Bratislava  |b Univerzita Komenského  |c 2010 
300 |a 115 s.  |b grafy, sch., tab.  |c 24 cm 
504 |a Bibliogr. s. 107-115 
650 0 7 |a pedagogická psychológia  |2 SNKPH  |9 58135 
650 0 7 |a výchova a vzdelávanie  |2 SNKPH  |9 1684 
650 0 7 |a motivácia  |2 SNKPH  |9 1779 
650 0 7 |a učenie  |2 SNKPH  |9 3884 
650 0 7 |a Educational psychology  |2 SNKPHeng  |9 286543 
650 0 7 |a Education  |2 SNKPHeng  |9 265320 
650 0 7 |a Motivation (psychology)  |2 SNKPHeng  |9 270854 
655 7 |a učebnice vysokých škôl  |2 SNKPH  |9 70191 
655 7 |a Textbooks (higher)  |2 SNKPHeng  |9 276436 
852 |a Štátna vedecká knižnica v Banskej Bystrici 
919 |a 978-80-223-2820-3 
958 |a NB 
968 |d 37 
999 |c 940282  |d 942212 
952 |a SNK  |b SNK  |y PREZ  |7 0  |p 17A0702567  |o snkSC 145443  |i snk2011/11370  |8 0  |0 0  |1 0  |4 0  |d 2011-05-17  |f 1  |l 0  |r 2025-07-14 00:00:00  |w 2026-02-24 
952 |a SNK  |b SNK  |y VYP  |7 0  |p 17A0702566  |o snkSC 145443 D1  |i snk2011/11371  |8 0  |0 0  |1 0  |4 0  |d 2011-05-17  |l 1  |r 2026-03-30 12:48:51  |s 2026-03-12  |w 2026-02-24